| 000 | 00528nam a2200205Ia 4500 | ||
|---|---|---|---|
| 005 | 20250508152307.0 | ||
| 008 | 008 250505s9999 xx 000 0 hin d | ||
| 037 | _aTextual | ||
| 040 |
_aFEDL _beng _cFEDL |
||
| 041 |
_ahin _2hin |
||
| 084 |
_a150.195, FRE _qFEDL |
||
| 100 | _aFreud Sigmund | ||
| 245 | 0 | _aManovishleshan | |
| 260 |
_aDelhi, India _bRajpal and Sons _c1958 |
||
| 300 | _a414p. | ||
| 365 |
_aINR _b10 |
||
| 650 | _aPsychology | ||
| 942 |
_cTEXL _h150.195, FRE |
||
| 999 |
_c1335550 _d1335550 |
||